000 00796nam a22001337a 4500
040 _cRUA
082 _aVEM SRE 2021 B1-530 Or.
100 _aSREANG PHEARA,ស្រៀង ភារ៉ា
245 _aCASE USAGE LEUCAENA CLAUCA EFFECT TO ASCARRIDIA SPP. IN DOMESTIC CHICKEN AT PREY PDAO COMMUNE,PREYKABAS DISTRICT,TAKEO PROVINCE,ករណីការប្រើប្រាស់ក្រាប់ក្ទម្ពទេសទល់នឹង ASCARIDIA SPP.លើមាន់ស្រុកនៅឃុំព្រៃផ្តៅស្រុកព្រៃកប្បាស់ ខេត្តតាកែវ
260 _aphnom penh
_brua
_c2021
300 _aix.29p.
_bill.
_c29cm.
856 _uhttps://drive.google.com/file/d/1l1N2yXXz2aGAK_X687mtyrzQkI0ttF4r/view?usp=sharing
942 _cVEM
999 _c22908
_d22908